000 00627nam a2200229Ia 4500
003 OSt
005 20220923211729.0
006 a|||||r|||| 00| 0
007 ta
008 Pun
024 _a43,653
037 _cTextual
040 _aARTS
_cARTS
_bPun
041 _2Pun
_aPun
082 _aO153,3N22,WN, K0
100 _aਸਿੰਘ, ਨਰਿੰਦਰਪਾਲ
_9156270
245 0 _aਵਾਲੋ੍ਵ ਨਿਕੀ
260 _a
_c1960
650 _aਪੰਜਾਬੀ ਸਾਹਿਤ
942 _hO153,3N22,WN, K0
_cTEXL
_2CC
999 _c302974
_d302974